KOHA-Header-6

یادوں کی تسبیح (Record no. 13693)

000 -LEADER
fixed length control field 00360nam a22001217a 4500
082 ## - DEWEY DECIMAL CLASSIFICATION NUMBER
Classification number 808.8503
Item number ع ب د
100 ## - MAIN ENTRY--AUTHOR NAME
Personal name عبدالقادر،قاضی
245 ## - TITLE STATEMENT
Title یادوں کی تسبیح
260 ## - PUBLICATION, DISTRIBUTION, ETC. (IMPRINT)
Place of publication کراچی
Name of publisher مکتبہ الہدا
Year of publication ٢٠٠٨
300 ## - PHYSICAL DESCRIPTION
Number of Pages ٣٩١ صفحات
650 ## - SUBJECT ADDED ENTRY--TOPICAL TERM
Topical Term Biography, Yadon ki tasbeeeh, Qazi Abdul Qadir
942 ## - ADDED ENTRY ELEMENTS (KOHA)
Koha item type Books
Holdings
Withdrawn status Lost status Collection code Permanent Location Current Location Shelving location Date acquired Full call number Accession Number Koha item type
    Urdu Literature MAJU MAJU Shelf No.A12 2023-01-19 808.8503 ع ب د 10778 Books

Powered by Koha